Did They Say It? - Statistics

General Stats
  • This quiz has been taken 61 times
  • The average score is 9 of 15
Answer Stats
Question Answer % Correct
"Speak softly, and carry a big stick." ~Theodore Roosevelt Yes, he said it
100%
"Workers of the world, unite!" ~Karl Marx Yes, he said it
83%
"This was their finest hour." ~Winston Churchill Yes, he said it
83%
"Mr. Gorbachev, tear down this wall!" ~Ronald Reagan Yes, he said it
83%
"I invented the internet." ~Al Gore No, he didn't say it
67%
"Better to remain silent and be thought a fool than to speak and remove all doubt." ~Abraham Lincoln No, he didn't say it
67%
"I can see Russia from my house!" ~Sarah Palin No, she didn't say it
67%
"Nothing is certain, except death and taxes." ~Benjamin Franklin Yes, he said it
67%
"I am not a crook." ~Richard Nixon Yes, he said it
67%
"A single death is a tragedy, a million deaths are a statistic." ~Joseph Stalin No, he didn't say it
50%
"Let them eat cake!" ~Marie Antoinette No, she didn't say it
50%
"It is better to light a candle than curse the darkness." ~Eleanor Roosevelt No, she didn't say it
50%
"They misunderestimated me." ~George W. Bush Yes, he said it
50%
"An eye for an eye makes the whole world blind." ~Mohandas Gandhi No, he didn't say it
33%
"You can get more with a kind word and a gun than with just a kind word." ~Al Capone No, he didn't say it
17%
No matching quizzes found
Score Distribution
Percent of People with Each Score
Percentile by Number Answered
Your Score History
You have not taken this quiz